[Event "Sachsen-ch U16 Girls"]
[Site "Sebnitz"]
[Date "2007.04.12"]
[Round "4"]
[White "Mueller, Sarah"]
[Black "Kabutke, Susann"]
[Result "0-1"]
[WhiteElo "907"]
[BlackElo "1059"]
[PlyCount "146"]
[EventDate "2007.04.10"]
[EventType "swiss"]
[EventRounds "7"]
[EventCountry "GER"]
[SourceTitle "EXT 2008"]
[Source "ChessBase"]
[SourceDate "2007.11.25"]
[SourceVersion "1"]
[SourceVersionDate "2007.11.25"]
[SourceQuality "1"]

1. e4 e5 2. Nf3 Nc6 3. Bc4 Bc5 4. Nc3 Nf6 5. Ng5 0-0 6. d3 d6 7. Nf3 Nd4 8. Nxd4 Bxd4 9. Qe2 c6 10. Be3 Bxe3 11. Qxe3 d5 12. exd5 cxd5 13. Rd1 dxc4 14. dxc4 Qc7 15. 0-0 Bf5 16. Rd2 Nd7 17. Qf3 Be6 18. b3 f6 19. Nd5 Bxd5 20. Qxd5+ Rf7 21. Rfd1 Rd8 22. b4 Qb6 23. c3 Qc6 24. Qxc6 bxc6 25. Rd6 Rff8 26. Rxd7 Rxd7 27. Rxd7 Ra8 28. Rc7 Rd8 29. f3 Rd1+ 30. Kf2 Rd2+ 31. Kg3 Rxa2 32. Rxc6 Ra3 33. b5 Rxc3 34. Rc8+ Kf7 35. Rc7+ Ke6 36. Rxa7 Rxc4 37. b6 Rc8 38. b7 Rb8 39. h4 Kd7 40. Ra8 Rxb7 41. Rh8 h6 42. Rg8 Ke6 43. Kg4 f5+ 44. Kg3 Kf6 45. Rf8+ Rf7 46. Rd8 Rc7 47. Rd6+ Ke7 48. Rd5 Ke6 49. Rd2 g5 50. hxg5 hxg5 51. Kf2 Rc4 52. g3 e4 53. fxe4 Rxe4 54. Rd3 Ke5 55. Rf3 f4 56. gxf4+ Rxf4 57. Kg3 Rxf3+ 58. Kxf3 Kf5 59. Kg3 g4 60. Kg2 Kf4 61. Kh2 Kf3 62. Kg1 g3 63. Kf1 Ke3 64. Kg2 Kf4 65. Kf1 Kf3 66. Kg1 g2 67. Kh2 Kf2 68. Kh3 g1Q 69. Kh4 Kf3 70. Kh5 Kf4 71. Kh6 Kf5 72. Kh7 Kf6 73. Kh8 Qg7# 0-1

[Event "Sachsen-ch U16 Girls"]
[Site "Sebnitz"]
[Date "2007.04.11"]
[Round "2"]
[White "Mueller, Sarah"]
[Black "Nake, Marianne"]
[Result "0-1"]
[WhiteElo "907"]
[BlackElo "1361"]
[PlyCount "110"]
[EventDate "2007.04.10"]
[EventType "swiss"]
[EventRounds "7"]
[EventCountry "GER"]
[SourceTitle "EXT 2008"]
[Source "ChessBase"]
[SourceDate "2007.11.25"]
[SourceVersion "1"]
[SourceVersionDate "2007.11.25"]
[SourceQuality "1"]

1. e4 c5 2. Nc3 Nc6 3. Nf3 e6 4. Bb5 Nge7 5. d4 cxd4 6. Nxd4 a6 7. Nxc6 Nxc6 8. Bxc6 bxc6 9. 0-0 Bb7 10. Be3 d5 11. f3 Bd6 12. f4 Qh4 13. Qf3 0-0 14. g3 Qh3 15. Rae1 f6 16. f5 Rae8 17. Bf4 Bxf4 18. Qxf4 d4 19. Na4 g5 20. Qf2 Rd8 21. Nc5 Bc8 22. fxe6 Bxe6 23. Nxe6 Qxe6 24. c3 d3 25. Qe3 Qxa2 26. e5 fxe5 27. Qxg5+ Kh8 28. Qxe5+ Kg8 29. Rxf8+ Rxf8 30. Qg5+ Kh8 31. Qe5+ Kg8 32. Qe6+ Qxe6 33. Rxe6 Rd8 34. Re1 c5 35. Kf2 c4 36. h4 Rf8+ 37. Ke3 Re8+ 38. Kd2 Rxe1 39. Kxe1 Kg7 40. Kd2 Kg6 41. Ke3 Kf5 42. b4 Kg4 43. Kf2 h5 44. Ke3 Kxg3 45. Kd2 Kxh4 46. Ke3 Kg3 47. Kd2 h4 48. b5 axb5 49. Ke3 h3 50. Kd4 d2 51. Kc5 d1Q 52. Kxb5 Qd5+ 53. Kb4 h2 54. Ka3 h1Q 55. Kb2 Qd2+ 0-1